La faz de la tierra (Record no. 148848)

MARC details
000 -LEADER
campo de control de longitud fija 00656nam a2200193 4500
001 - NÚMERO DE CONTROL
campo de control 148848
003 - IDENTIFICADOR DE NÚMERO DE CONTROL
campo de control ES-MaACL
005 - FECHA Y HORA DE LA ÚLTIMA TRANSACCIÓN
campo de control 20230906202832.0
007 - CAMPO FIJO DE DESCRIPCIÓN FÍSICA--INFORMACIÓN GENERAL
campo de control de longitud fija t|
008 - DATOS DE LONGITUD FIJA--INFORMACIÓN GENERAL
campo de control de longitud fija 070214s1923 sp r ||||1| spa d
100 1# - ENTRADA PRINCIPAL--NOMBRE DE PERSONA
Nombre de persona Suess, Eduard.
9 (RLIN) 108731
245 13 - MENCIÓN DEL TÍTULO
Título La faz de la tierra
Resto del título : = (Das antlitz der erde) /
Mención de responsabilidad, etc. por Eduardo Suess ; versión española de Pedro de Novo y F. Chicarro.
260 ## - PUBLICACIÓN, DISTRIBUCIÓN, ETC.
Lugar de publicación, distribución, etc. Madrid :
Nombre del editor, distribuidor, etc. [s. n.],
Fecha de publicación, distribución, etc. 1923 (
Fabricante Imp. Ramona Velasco)
300 ## - DESCRIPCIÓN FÍSICA
Extensión 4 v. :
Otras características físicas il. ;
Dimensiones 25 x 17 cm.
700 1# - ENTRADA AGREGADA--NOMBRE PERSONAL
Nombre de persona Novo y Fernández Chicarro, Pedro de.
9 (RLIN) 86092
700 1# - ENTRADA AGREGADA--NOMBRE PERSONAL
Nombre de persona Chicarro, F.
9 (RLIN) 38480
740 0# - ENTRADA AGREGADA--TÍTULO RELACIONADO/ANALÍTICO NO CONTROLADO
Título relacionado o analítico no controlado Das antlitz der erde.
852 ## - LOCALIZACIÓN
Ubicación ES-MaACL
Número de control de estantería A-3368-71
Holdings
Estatus retirado Estado de pérdida Estado de daño No para préstamo Biblioteca de origen Biblioteca actual Ubicación en estantería Fecha de adquisición Fuente de adquisición Total de préstamos Signatura topográfica completa Código de barras Visto por última vez Precio de reemplazo Tipo de ítem Koha
        Biblioteca del Ateneo de Madrid Biblioteca del Ateneo de Madrid Sala Pecera Planta 1 17/01/2008     A-3368-71 1155331 23/02/2023 23/02/2023 Libro impreso